Successful Business Communication in a week: (Record no. 214)

MARC details
000 -LEADER
fixed length control field 00623nam a22001937a 4500
005 - DATE AND TIME OF LATEST TRANSACTION
control field 20230224125140.0
008 - FIXED-LENGTH DATA ELEMENTS--GENERAL INFORMATION
fixed length control field 230224b |||||||| |||| 00| 0 eng d
020 ## - INTERNATIONAL STANDARD BOOK NUMBER
International Standard Book Number 9781444178944 (pbk)
040 ## - CATALOGING SOURCE
Original cataloging agency KMU
Transcribing agency KMU
050 ## - LIBRARY OF CONGRESS CALL NUMBER
Classification number HF 5718 Man 2013
100 ## - MAIN ENTRY--PERSONAL NAME
Personal name Manser Martin
245 ## - TITLE STATEMENT
Title Successful Business Communication in a week:
Remainder of title Learn in a week, what the experts learn in a lifetime/
Statement of responsibility, etc. Martin Manser.
260 ## - PUBLICATION, DISTRIBUTION, ETC.
Place of publication, distribution, etc. London:
Name of publisher, distributor, etc. Holder Education Limited,
Date of publication, distribution, etc. 2013
300 ## - PHYSICAL DESCRIPTION
Extent 121 pages.:
Dimensions 19cm.
500 ## - GENERAL NOTE
General note Include Summery, questions and answers.
650 ## - SUBJECT ADDED ENTRY--TOPICAL TERM
Topical term or geographic name entry element Business
650 ## - SUBJECT ADDED ENTRY--TOPICAL TERM
Topical term or geographic name entry element Communication
942 ## - ADDED ENTRY ELEMENTS (KOHA)
Source of classification or shelving scheme Library of Congress Classification
Koha item type Non-Fiction
Suppress in OPAC No
Holdings
Withdrawn status Lost status Source of classification or shelving scheme Damaged status Not for loan Collection Home library Current library Shelving location Date acquired Source of acquisition Total Checkouts Total Renewals Full call number Barcode Date last seen Date last checked out Price effective from Koha item type
    Library of Congress Classification     Non-fiction Kapasa Makasa University Kapasa Makasa University Open Access 24.02.2023 Book Aid International 3 1 HF 5718 Man 2013 748088 02.03.2026 16.02.2026 24.02.2023 Non-Fiction